Intelligent business. coursebook : pre-intermediate. business english /
Guardado en:
| Autor Principal: | |
|---|---|
| Formato: | Libro |
| Publicado: |
London :
Pearson,
2012
|
| Series: | Always learning. The Economist
|
| Materias: | |
| Etiquetas: |
Agregar Etiqueta
Sin Etiquetas, Sea el primero en etiquetar este registro!
|
| LEADER | 00701nam a22002175a 4500 | ||
|---|---|---|---|
| 001 | CEM.cems014673 | ||
| 005 | 20151211180157.0 | ||
| 008 | 130507s2012##################000#0#####d | ||
| 003 | CEMS | ||
| 020 | |a 9781408256008 | ||
| 082 | 0 | 4 | |a 428.64 |
| 100 | 1 | |a Johnson, Christine | |
| 245 | 1 | 0 | |a Intelligent business. coursebook : |b pre-intermediate. business english / |c Christine Johnson |
| 260 | |a London : |b Pearson, |c 2012 | ||
| 300 | |a 176 p. | ||
| 490 | 0 | |a Always learning. The Economist | |
| 500 | |a Incluye Cdincluye separata: Intelligent Business Style guide | ||
| 653 | |a Inglés | ||
| 653 | |a Inglés-textos | ||
| 653 | |a Inglés-student's | ||
| 859 | |a CEMS |b BIB. CEMS - 11 de abril |h 428.64 |i J630 |p 27270.15 |t Ej.1 | ||
